[Event "SVK Extraliga 2019-20"]
[Site "Slovakia"]
[Date "2019.11.24"]
[Round "4.8"]
[White "Petran, Peter"]
[Black "Macko, Michal"]
[Result "1/2-1/2"]
[WhiteElo "2271"]
[BlackElo "2175"]
[Annotator "NA"]
[PlyCount "92"]
[EventDate "2019.10.19"]
[EventType "team-tourn"]
[EventCountry "SVK"]
[SourceTitle "playchess.com"]
[Source "ChessBase"]
[SourceQuality "1"]
[WhiteTeam "Slovan"]
[BlackTeam "Liptovska"]
[TimeControl "40/5400+30:1800+30"]

1. g3 {[%emt 0:00:00]} c5 {[%emt 0:00:53]} 2. Bg2 {[%emt 0:00:08]} Nc6 {[%emt 0:00:13]} 3. e4 {[%emt 0:00:15]} g6 {[%emt 0:02:07]} 4. Ne2 {[%emt 0:00:25]} Bg7 {[%emt 0:00:05]} 5. c3 {[%emt 0:00:21]} e6 {[%emt 0:01:30]} 6. O-O {[%emt 0:01:25]} Nge7 {[%emt 0:00:28]} 7. d4 {[%emt 0:00:07]} cxd4 {[%emt 0:00:09]} 8. cxd4 {[%emt 0:00:06]} d5 {[%emt 0:00:07]} 9. e5 {[%emt 0:00:07]} O-O {[%emt 0:01:36]} 10. Nd2 {[%emt 0:00:44]} b6 {[%emt 0:02:33]} 11. Nf3 {[%emt 0:00:09]} Ba6 {[%emt 0:01:31]} 12. Bd2 {[%emt 0:01:57]} Nf5 {[%emt 0:08:05]} 13. Bc3 {[%emt 0:00:19]} Rb8 {[%emt 0:00:23]} 14. Bh3 {[%emt 0:00:49]} Qd7 {[%emt 0:18:06]} 15. Bxf5 {[%emt 0:00:15]} exf5 {[%emt 0:00:20]} 16. Re1 {[%emt 0:00:16]} Bxe2 {[%emt 0:00:13]} 17. Qxe2 {[%emt 0:00:25]} Nd8 {[%emt 0:00:03]} 18. Bb4 {[%emt 0:04:33]} Re8 {[%emt 0:00:12]} 19. a4 {[%emt 0:00:26]} Ne6 {[%emt 0:00:35]} 20. Qb5 {[%emt 0:01:42]} Qb7 {[%emt 0:00:54]} 21. Bd6 {[%emt 0:01:16]} Rbc8 {[%emt 0:01:16]} 22. a5 {[%emt 0:01:42]} Qc6 {[%emt 0:15:09]} 23. Qxc6 {[%emt 0:00:37]} Rxc6 {[%emt 0:01:29]} 24. axb6 {[%emt 0:00:10]} Rxb6 {[%emt 0:05:58]} 25. b4 {[%emt 0:01:33]} a6 {[%emt 0:00:56]} 26. Rec1 {[%emt 0:04:55]} Bf8 {[%emt 0:04:43]} 27. Bc5 {[%emt 0:00:27]} Rc6 {[%emt 0:00:45]} 28. h4 {[%emt 0:13:47]} h6 {[%emt 0:00:32]} 29. Ra4 {[%emt 0:02:28]} g5 {[%emt 0:12:29]} 30. hxg5 {[%emt 0:00:26]} hxg5 {[%emt 0:00:03]} 31. Rca1 {[%emt 0:00:13]} Bxc5 {[%emt 0:01:10]} 32. bxc5 {[%emt 0:00:34]} Rb8 {[%emt 0:05:36]} 33. Kg2 {[%emt 0:01:27]} Rb3 {[%emt 0:05:58]} 34. Rxa6 {[%emt 0:05:03]} Rxa6 {[%emt 0:00:13]} 35. Rxa6 {[%emt 0:00:05]} g4 {[%emt 0:00:13]} 36. Nh4 {[%emt 0:01:00]} f4 {[%emt 0:01:24]} 37. Nf5 {[%emt 0:03:40]} f3+ {[%emt 0:00:25]} 38. Kh2 {[%emt 0:02:01]} Kh7 {[%emt 0:00:23]} 39. Ne3 {[%emt 0:00:44]} Rb4 {[%emt 0:06:51]} 40. Nxg4 {[%emt 0:05:03]} Rxd4 {[%emt 0:00:15]} 41. Nf6+ {[%emt 0:32:25]} Kg6 {[%emt 0:30:23]} 42. Rd6 {[%emt 0:08:57]} Nxc5 {[%emt 0:00:00]} 43. Nxd5+ {[%emt 0:00:00]} Kf5 {[%emt 0:00:00]} 44. Ne7+ {[%emt 0:00:00]} Kxe5 {[%emt 0:00:00]} 45. Nc6+ {[%emt 0:00:00]} Kxd6 {[%emt 0:00:00]} 46. Nxd4 {[%emt 0:00:00]} Ne4 {[%emt 0:00:00]} 1/2-1/2

[Event "SVK Extraliga 2019-20"]
[Site "Slovakia"]
[Date "2019.11.24"]
[Round "4.8"]
[White "Gazik, Igor"]
[Black "Kovacik, Emil"]
[Result "1/2-1/2"]
[WhiteElo "2253"]
[BlackElo "2124"]
[Annotator "NA"]
[PlyCount "55"]
[EventDate "2019.10.19"]
[EventType "team-tourn"]
[EventCountry "SVK"]
[SourceTitle "playchess.com"]
[Source "ChessBase"]
[SourceQuality "1"]
[WhiteTeam "Podhajska"]
[BlackTeam "Dubnica"]
[TimeControl "40/5400+30:1800+30"]

1. e4 {[%emt 0:00:00]} e6 {[%emt 0:00:00]} 2. d3 {[%emt 0:00:00]} d5 {[%emt 0:00:32]} 3. Nd2 {[%emt 0:00:00]} c5 {[%emt 0:00:21]} 4. Ngf3 {[%emt 0:00:04]} Nc6 {[%emt 0:00:18]} 5. g3 {[%emt 0:15:24]} Nf6 {[%emt 0:00:39]} 6. Bg2 {[%emt 0:00:18]} Be7 {[%emt 0:00:34]} 7. O-O {[%emt 0:00:07]} O-O {[%emt 0:00:21]} 8. Re1 {[%emt 0:02:10]} b5 {[%emt 0:03:56]} 9. e5 {[%emt 0:02:37]} Ne8 {[%emt 0:00:55]} 10. a4 {[%emt 0:03:09]} bxa4 {[%emt 0:04:25]} 11. Rxa4 {[%emt 0:02:02]} Bd7 {[%emt 0:01:21]} 12. Ra1 {[%emt 0:00:24]} Qb6 {[%emt 0:09:19]} 13. Nf1 {[%emt 0:03:07]} Nc7 {[%emt 0:00:51]} 14. c3 {[%emt 0:05:00]} Rab8 {[%emt 0:21:16]} 15. h4 {[%emt 0:04:07]} Kh8 {[%emt 0:08:05]} 16. N1h2 {[%emt 0:11:51]} f5 {[%emt 0:05:40]} 17. exf6 {[%emt 0:10:32]} gxf6 {[%emt 0:00:22]} 18. Ng4 {[%emt 0:08:16]} Nd8 {[%emt 0:02:27]} 19. Ne3 {[%emt 0:02:45]} Nc6 {[%emt 0:06:14]} 20. Nd2 {[%emt 0:02:26]} Rbe8 {[%emt 0:06:56]} 21. f4 {[%emt 0:08:09]} Rg8 {[%emt 0:02:54]} 22. Kh2 {[%emt 0:03:05]} Qb8 {[%emt 0:01:46]} 23. Qf3 {[%emt 0:08:41]} d4 {[%emt 0:02:40]} 24. Nec4 {[%emt 0:01:52]} Nd5 {[%emt 0:01:55]} 25. Ne4 {[%emt 0:02:55]} Nb6 {[%emt 0:07:58]} 26. Ned2 {[%emt 0:01:01]} Nd5 {[%emt 0:00:12]} 27. Ne4 {[%emt 0:00:52]} Nb6 {[%emt 0:00:05]} 28. Ned2 {[%emt 0:00:55]} 1/2-1/2

[Event "SVK Extraliga 2019-20"]
[Site "Slovakia"]
[Date "2019.11.24"]
[Round "4.8"]
[White "Borhy, Marcell"]
[Black "Sobek, Michal"]
[Result "1-0"]
[WhiteElo "2228"]
[BlackElo "2082"]
[Annotator "NA"]
[PlyCount "94"]
[EventDate "2019.10.19"]
[EventType "team-tourn"]
[EventCountry "SVK"]
[SourceTitle "playchess.com"]
[Source "ChessBase"]
[SourceQuality "1"]
[WhiteTeam "Streda"]
[BlackTeam "Modra"]
[TimeControl "40/5400+30:1800+30"]

1. d4 {[%emt 0:00:00]} Nf6 {[%emt 0:00:00]} 2. c4 {[%emt 0:00:00]} c5 {[%emt 0:00:00]} 3. d5 {[%emt 0:00:01]} b5 {[%emt 0:00:00]} 4. cxb5 {[%emt 0:00:13]} a6 {[%emt 0:00:05]} 5. bxa6 {[%emt 0:00:08]} g6 {[%emt 0:00:09]} 6. Nc3 {[%emt 0:00:08]} Bg7 {[%emt 0:00:07]} 7. Nf3 {[%emt 0:00:17]} O-O {[%emt 0:00:42]} 8. g3 {[%emt 0:00:19]} d6 {[%emt 0:01:14]} 9. Bg2 {[%emt 0:01:01]} Nxa6 {[%emt 0:01:36]} 10. O-O {[%emt 0:01:13]} Qb6 {[%emt 0:02:09]} 11. b3 {[%emt 0:12:55]} Ne4 {[%emt 0:17:02]} 12. Nxe4 {[%emt 0:02:25]} Bxa1 {[%emt 0:00:16]} 13. Bg5 {[%emt 0:00:07]} Bf5 {[%emt 0:10:55]} 14. Bxe7 {[%emt 0:19:05]} Bxe4 {[%emt 0:00:19]} 15. Qxa1 {[%emt 0:02:26]} Nb4 {[%emt 0:01:35]} 16. Bxf8 {[%emt 0:02:25]} Rxf8 {[%emt 0:00:08]} 17. Ng5 {[%emt 0:02:17]} Bxg2 {[%emt 0:05:27]} 18. Kxg2 {[%emt 0:00:12]} Nxd5 {[%emt 0:04:58]} 19. Rd1 {[%emt 0:01:51]} Qc6 {[%emt 0:02:19]} 20. Kg1 {[%emt 0:07:23]} h6 {[%emt 0:06:36]} 21. Ne4 {[%emt 0:01:01]} Re8 {[%emt 0:01:05]} 22. Rxd5 {[%emt 0:12:00]} Rxe4 {[%emt 0:01:23]} 23. Rd2 {[%emt 0:01:33]} d5 {[%emt 0:13:01]} 24. Qc3 {[%emt 0:02:13]} Re8 {[%emt 0:08:50]} 25. Qf3 {[%emt 0:03:04]} Qe6 {[%emt 0:05:10]} 26. Rxd5 {[%emt 0:03:06]} Qxe2 {[%emt 0:00:12]} 27. Kg2 {[%emt 0:00:10]} c4 {[%emt 0:01:43]} 28. Rd7 {[%emt 0:02:42]} Qxf3+ {[%emt 0:00:16]} 29. Kxf3 {[%emt 0:00:02]} Rc8 {[%emt 0:01:51]} 30. bxc4 {[%emt 0:04:45]} Rxc4 {[%emt 0:00:01]} 31. Rd2 {[%emt 0:00:13]} Kg7 {[%emt 0:01:15]} 32. Ke3 {[%emt 0:00:06]} Kf6 {[%emt 0:01:05]} 33. Kd3 {[%emt 0:00:16]} Rc1 {[%emt 0:00:10]} 34. Rc2 {[%emt 0:00:08]} Rb1 {[%emt 0:00:19]} 35. Kc3 {[%emt 0:01:39]} Ke6 {[%emt 0:00:04]} 36. Rd2 {[%emt 0:00:45]} Rb8 {[%emt 0:01:01]} 37. a4 {[%emt 0:00:42]} Rb1 {[%emt 0:01:07]} 38. a5 {[%emt 0:10:18]} Ra1 {[%emt 0:00:22]} 39. Kb4 {[%emt 0:00:06]} Rb1+ {[%emt 0:00:42]} 40. Ka3 {[%emt 0:00:24]} Rb5 {[%emt 0:01:11]} 41. Ka4 {[%emt 0:30:07]} Rb1 {[%emt 0:30:11]} 42. Rd3 {[%emt 0:01:15]} Rb8 {[%emt 0:04:18]} 43. a6 {[%emt 0:02:34]} Ra8 {[%emt 0:00:49]} 44. Ka5 {[%emt 0:00:36]} h5 {[%emt 0:00:26]} 45. Rb3 {[%emt 0:02:29]} Kd6 {[%emt 0:01:24]} 46. Rb7 {[%emt 0:00:16]} f6 {[%emt 0:03:46]} 47. a7 {[%emt 0:01:09]} Kd5 1-0

[Event "SVK Extraliga 2019-20"]
[Site "Slovakia"]
[Date "2019.11.24"]
[Round "4.8"]
[White "Macko, Michal"]
[Black "Petran, Peter"]
[Result "*"]
[WhiteElo "2175"]
[BlackElo "2271"]
[Annotator "NA"]
[PlyCount "23"]
[EventDate "2019.10.19"]
[EventType "team-tourn"]
[EventCountry "SVK"]
[SourceTitle "playchess.com"]
[Source "ChessBase"]
[SourceQuality "1"]
[WhiteTeam "Liptovska"]
[BlackTeam "Slovan"]
[TimeControl "40/5400+30:1800+30"]

1. g3 {[%emt 0:00:00]} c5 {[%emt 0:00:53]} 2. Bg2 {[%emt 0:00:08]} Nc6 {[%emt 0:00:13]} 3. e4 {[%emt 0:00:15]} g6 {[%emt 0:02:07]} 4. Ne2 {[%emt 0:00:25]} Bg7 {[%emt 0:00:05]} 5. c3 {[%emt 0:00:21]} e6 {[%emt 0:01:30]} 6. O-O {[%emt 0:01:25]} Nge7 {[%emt 0:00:28]} 7. d4 {[%emt 0:00:07]} cxd4 {[%emt 0:00:09]} 8. cxd4 {[%emt 0:00:06]} d5 {[%emt 0:00:07]} 9. e5 {[%emt 0:00:07]} O-O {[%emt 0:01:36]} 10. Nd2 {[%emt 0:00:44]} b6 {[%emt 0:02:33]} 11. Nf3 {[%emt 0:00:09]} Ba6 {[%emt 0:01:31]} 12. Bd2 {[%emt 0:01:57]} *

[Event "SVK Extraliga 2019-20"]
[Site "Slovakia"]
[Date "2019.11.24"]
[Round "4.8"]
[White "Macko, Peter"]
[Black "Kusiak, Matej"]
[Result "0-1"]
[WhiteElo "2054"]
[BlackElo "2234"]
[Annotator "NA"]
[PlyCount "72"]
[EventDate "2019.10.19"]
[EventType "team-tourn"]
[EventCountry "SVK"]
[SourceTitle "playchess.com"]
[Source "ChessBase"]
[SourceQuality "1"]
[WhiteTeam "Bratislava"]
[BlackTeam "Prakovce"]
[TimeControl "40/5400+30:1800+30"]

1. e4 {[%emt 0:00:00]} c6 {[%emt 0:00:55]} 2. Nc3 {[%emt 0:00:35]} d5 {[%emt 0:00:06]} 3. Nf3 {[%emt 0:00:21]} Bg4 {[%emt 0:00:10]} 4. h3 {[%emt 0:00:22]} Bh5 {[%emt 0:00:04]} 5. exd5 {[%emt 0:17:55]} cxd5 {[%emt 0:00:21]} 6. Bb5+ {[%emt 0:00:22]} Nc6 {[%emt 0:00:20]} 7. g4 {[%emt 0:04:23]} Bg6 $11 {[%emt 0:01:17]} 8. Ne5 {[%emt 0:00:55]} Rc8 {[%emt 0:00:04]} 9. d4 {[%emt 0:15:55]} e6 {[%emt 0:00:05]} 10. h4 {[%emt 0:01:42]} f6 {[%emt 0:00:07]} 11. Nxg6 {[%emt 0:12:55]} hxg6 {[%emt 0:00:05]} 12. Qd3 {[%emt 0:00:27]} Kf7 {[%emt 0:00:41]} 13. Bxc6 {[%emt 0:10:53]} Rxc6 {[%emt 0:00:38]} 14. Bf4 {[%emt 0:01:27]} Bb4 {[%emt 0:01:03]} 15. a3 {[%emt 0:02:24]} Bxc3+ {[%emt 0:01:09]} 16. bxc3 {[%emt 0:00:23]} g5 {[%emt 0:01:25]} 17. Bg3 {[%emt 0:00:37]} Ne7 {[%emt 0:01:53]} 18. Kd2 {[%emt 0:01:33]} gxh4 {[%emt 0:00:13]} 19. Rxh4 {[%emt 0:05:09]} Rxh4 {[%emt 0:00:25]} 20. Bxh4 {[%emt 0:00:04]} Qa5 {[%emt 0:02:46]} 21. f3 {[%emt 0:07:13]} Rc8 {[%emt 0:00:24]} 22. Bg3 {[%emt 0:02:27]} Rh8 {[%emt 0:02:47]} 23. a4 {[%emt 0:01:22]} Rh3 {[%emt 0:00:38]} 24. Bd6 {[%emt 0:00:56]} Nc8 {[%emt 0:01:26]} 25. Bc5 {[%emt 0:04:04]} Qc7 {[%emt 0:01:01]} 26. Rf1 {[%emt 0:02:01]} Qf4+ {[%emt 0:00:41]} 27. Kd1 {[%emt 0:02:02]} Rh2 {[%emt 0:00:36]} 28. a5 {[%emt 0:01:14]} b6 {[%emt 0:01:05]} 29. axb6 {[%emt 0:00:19]} axb6 {[%emt 0:06:20]} 30. Ba3 {[%emt 0:00:07]} Nd6 {[%emt 0:00:29]} 31. Bxd6 {[%emt 0:02:07]} Qxd6 {[%emt 0:00:02]} 32. Re1 {[%emt 0:00:26]} Qa3 {[%emt 0:00:17]} 33. Qe3 {[%emt 0:01:19]} Qa1+ {[%emt 0:00:05]} 34. Qc1 {[%emt 0:00:09]} Qxc3 {[%emt 0:00:05]} 35. Rf1 {[%emt 0:01:37]} Qxd4+ {[%emt 0:00:06]} 36. Ke1 {[%emt 0:00:08]} Qe5+ {[%emt 0:00:06]} 0-1

[Event "SVK Extraliga 2019-20"]
[Site "Slovakia"]
[Date "2019.11.24"]
[Round "4.8"]
[White "Nadzamova, Viktoria"]
[Black "Zvarik, Martin"]
[Result "0-1"]
[WhiteElo "1975"]
[BlackElo "2314"]
[Annotator "NA"]
[PlyCount "112"]
[EventDate "2019.10.19"]
[EventType "team-tourn"]
[EventCountry "SVK"]
[SourceTitle "playchess.com"]
[Source "ChessBase"]
[SourceQuality "1"]
[WhiteTeam "Košice"]
[BlackTeam "Zilina"]
[TimeControl "40/5400+30:1800+30"]

1. e4 {[%emt 0:00:00]} e5 {[%emt 0:00:00]} 2. Nf3 {[%emt 0:00:00]} Nc6 {[%emt 0:00:00]} 3. Bb5 {[%emt 0:00:59]} a6 {[%emt 0:00:00]} 4. Ba4 {[%emt 0:00:08]} d6 {[%emt 0:00:00]} 5. c3 {[%emt 0:00:16]} f5 {[%emt 0:00:04]} 6. d3 {[%emt 0:02:16]} Be7 {[%emt 0:00:19]} 7. b4 {[%emt 0:03:02]} Nf6 {[%emt 0:00:45]} 8. Qe2 {[%emt 0:00:56]} O-O {[%emt 0:06:54]} 9. O-O {[%emt 0:02:18]} Qe8 {[%emt 0:03:42]} 10. Nbd2 {[%emt 0:03:52]} Nh5 {[%emt 0:03:19]} 11. Bb3+ {[%emt 0:03:18]} Kh8 {[%emt 0:00:24]} 12. Nc4 {[%emt 0:00:37]} fxe4 {[%emt 0:01:28]} 13. dxe4 {[%emt 0:07:25]} Bg4 {[%emt 0:02:54]} 14. Ne3 {[%emt 0:13:04]} Nf4 {[%emt 0:18:51]} 15. Qd1 {[%emt 0:01:16]} Qh5 {[%emt 0:04:01]} 16. Nxg4 {[%emt 0:04:58]} Qxg4 {[%emt 0:00:56]} 17. Bxf4 {[%emt 0:00:17]} Rxf4 {[%emt 0:00:59]} 18. Nd2 {[%emt 0:02:16]} Qg6 {[%emt 0:01:11]} 19. f3 {[%emt 0:03:01]} Bg5 {[%emt 0:01:34]} 20. Qe2 {[%emt 0:03:27]} Raf8 {[%emt 0:02:13]} 21. g3 {[%emt 0:07:37]} R4f6 {[%emt 0:00:29]} 22. Nc4 {[%emt 0:03:13]} h5 {[%emt 0:02:32]} 23. Ne3 {[%emt 0:04:00]} Bxe3+ {[%emt 0:00:33]} 24. Qxe3 {[%emt 0:00:20]} Ne7 {[%emt 0:05:52]} 25. a4 {[%emt 0:03:48]} h4 {[%emt 0:00:57]} 26. g4 {[%emt 0:02:52]} h3 {[%emt 0:01:15]} 27. Rad1 {[%emt 0:05:35]} Qh7 {[%emt 0:01:05]} 28. Bc4 {[%emt 0:02:21]} Ng6 {[%emt 0:00:34]} 29. Kh1 {[%emt 0:07:02]} Nh4 {[%emt 0:02:03]} 30. Be2 {[%emt 0:03:59]} Qg6 {[%emt 0:02:50]} 31. Qd3 {[%emt 0:07:14]} Qf7 {[%emt 0:03:55]} 32. f4 {[%emt 0:02:18]} Rxf4 {[%emt 0:01:01]} 33. Qxh3 {[%emt 0:00:08]} g5 {[%emt 0:00:12]} 34. Rxf4 {[%emt 0:00:43]} Qxf4 {[%emt 0:02:04]} 35. Bd3 {[%emt 0:00:40]} Kg7 {[%emt 0:02:22]} 36. Rf1 {[%emt 0:00:53]} Qd2 {[%emt 0:04:55]} 37. Rxf8 {[%emt 0:00:27]} Kxf8 {[%emt 0:00:02]} 38. Qf1+ {[%emt 0:00:13]} Ke7 {[%emt 0:01:00]} 39. Bc4 {[%emt 0:02:05]} Qf4 {[%emt 0:00:44]} 40. Qxf4 {[%emt 0:00:32]} exf4 {[%emt 0:05:25]} 41. a5 {[%emt 0:02:54]} c6 {[%emt 0:13:01]} 42. Bg8 {[%emt 0:02:05]} Kf6 {[%emt 0:17:51]} 43. Bh7 {[%emt 0:00:50]} d5 {[%emt 0:02:15]} 44. exd5 {[%emt 0:01:23]} cxd5 {[%emt 0:00:08]} 45. Kg1 {[%emt 0:00:26]} Nf3+ {[%emt 0:01:48]} 46. Kg2 {[%emt 0:00:09]} Nd2 {[%emt 0:01:09]} 47. Bf5 {[%emt 0:02:02]} Nc4 {[%emt 0:00:15]} 48. Kf3 {[%emt 0:01:06]} Nd6 {[%emt 0:00:40]} 49. Bd7 {[%emt 0:01:43]} Ke7 {[%emt 0:00:38]} 50. Ba4 {[%emt 0:00:32]} Ne4 {[%emt 0:00:56]} 51. Bc2 {[%emt 0:04:33]} Nxc3 {[%emt 0:00:58]} 52. Bd3 {[%emt 0:01:51]} Kf6 {[%emt 0:00:51]} 53. h4 {[%emt 0:01:29]} gxh4 {[%emt 0:01:02]} 54. Kxf4 {[%emt 0:00:07]} Ne4 {[%emt 0:00:58]} 55. b5 {[%emt 0:01:57]} h3 {[%emt 0:02:03]} 56. Kf3 {[%emt 0:01:25]} h2 {[%emt 0:00:09]} 0-1

[Event "SVK Extraliga 2019-20"]
[Site "Slovakia"]
[Date "2020.01.18"]
[Round "5.1"]
[White "Saric, Ivan"]
[Black "Antoniewski, Rafal"]
[Result "0-1"]
[WhiteElo "2655"]
[BlackElo "2486"]
[Annotator "TA"]
[PlyCount "78"]
[EventDate "2019.10.19"]
[EventType "team-tourn"]
[EventCountry "SVK"]
[SourceTitle "playchess.com"]
[Source "ChessBase"]
[SourceQuality "1"]
[WhiteTeam "Modra"]
[BlackTeam "Dunajov"]
[WhiteTeamCountry "CRO"]
[BlackTeamCountry "POL"]

{[%evp 11,116,38,35,15,40,40,28,20,70,21,20,37,27,-16,-9,-8,5,2,25,26,19,-9,2,0,18,25,27,18,27,3,24,10,31,-21,-21,-21,-28,-17,-16,-26,0,0,0,0,132,108,137,-27,-25,-92,-89,-87,-78,-92,23,-50,-47,-54,-54,-298,-295,-273,-296,-285,-292,-300,-294,-287,-245,-424,-427,-425,-307,-516,-419,-419,-412,-433,-433,-703,-572,-800,-763,-3859,-2455,-2022,-1994,-29965,-29968,-29971,-29972,-6270,-815,-29987,-29976,-29975,-29967,-29967,-29968,-29968,-29969,-29968,-29970,-29971,-29972,-29984,-29983]} 1. e4 Nc6 2. Nf3 d6 3. d4 Nf6 4. Nc3 g6 5. h3 Bg7 6. Be3 O-O 7. Bb5 {B08: Pirc Defence: Classical System.} Bd7 8. e5 Ne8 {[%cal Rd6e5]} 9. Bf4 {[#] White has an edge.} Na5 $146 ({Predecessor:} 9... Nb4 10. Bc4 Bf5 11. Bb3 c6 12. a3 Na6 13. O-O d5 14. Ne2 f6 15. Ng3 Be6 {½-½ (55) Petrone,G (2057)-Simoli,S (2212) Civitanova Marche 2015}) 10. Be2 c5 11. dxc5 dxc5 12. Ne4 b6 13. c3 Nc7 14. Qc2 Bc6 15. O-O Qc8 16. Ned2 Nd5 17. Bg3 Bh6 18. Rfe1 Rd8 19. Bf1 Nf4 20. b4 Nb7 21. Ne4 Qf5 22. e6 ({White should try} 22. Bxf4 $14 Qxf4 23. b5) 22... Nxe6 23. Nh4 $1 {[%cal Rh4f5]} Qh5 {And now ...cxb4 would win.} 24. b5 Bxe4 $1 25. Rxe4 {Strongly threatening Re5.} Rd2 26. Qa4 {Threatens to win with Nf3.} Bg7 $1 {[%cal Rg7c3]} 27. Nf3 Bxc3 (27... Rdd8 $11) 28. Rc1 $16 Rd4 29. Nxd4 $2 (29. Qa6 $1 $16 {[%cal Ra6b7]} Nd6 30. Bxd6 $1 {[%mdl 512]} exd6 31. Rxc3 Rxe4 32. Qb7 {[%mdl 64] Double Attack}) 29... cxd4 $11 30. Qc4 (30. Re5 $11 {keeps the balance.} Qh6 31. Qa3) 30... Nbc5 $36 {[%mdl 2048] White is under strong pressure.} 31. Re5 Qh6 32. Rd1 a6 (32... Rc8 $17) 33. Be2 (33. Qd5 $11 Rd8 34. Qc6 axb5 35. Bxb5) 33... axb5 $15 34. Qxb5 d3 {[#]} 35. Bf3 $2 (35. Rxe6 $1 $15 {[%mdl 512]} Nxe6 36. Qxd3) 35... Nd4 $19 (35... Rxa2 36. Rd5 $15) 36. Qxb6 Nxf3+ {[%mdl 64] Discovered Attack} 37. gxf3 Bxe5 38. Bxe5 Qg5+ {[%mdl 64] Double Attack} ({Stronger than} 38... Qxh3 39. Qxc5 Qxf3 40. Rd2 $11) 39. Bg3 h5 {Played: Qg5-d5} 0-1

[Event "SVK Extraliga 2019-20"]
[Site "Slovakia"]
[Date "2020.01.18"]
[Round "5.1"]
[White "Banusz, Tamas"]
[Black "Aczel, Gergely"]
[Result "1/2-1/2"]
[WhiteElo "2620"]
[BlackElo "2510"]
[Annotator "TA"]
[PlyCount "214"]
[EventDate "2019.10.19"]
[EventType "team-tourn"]
[EventCountry "SVK"]
[SourceTitle "playchess.com"]
[Source "ChessBase"]
[SourceQuality "1"]
[WhiteTeam "Slovan"]
[BlackTeam "Podhajska"]

{[%evp 11,214,25,18,0,0,13,30,22,22,25,48,38,50,34,42,35,36,31,83,79,79,95,97,85,86,101,112,92,104,120,98,106,98,38,115,2,2,16,8,-89,0,0,0,0,0,2,2,1,22,22,22,22,26,30,31,12,14,0,0,0,0,0,2,0,72,25,41,39,30,31,41,41,41,41,41,41,41,41,41,41,55,41,62,33,45,14,28,29,45,45,45,42,22,22,42,42,42,42,42,0,0,0,8,0,0,0,0,0,4,0,0,0,0,0,0,0,0,0,0,0,0,0,0,0,0,0,0,0,0,0,0,0,0,0,0,0,0,0,0,0,8,0,0,0,8,0,0,0,8,0,0,0,0,0,0,0,0,0,0,0,0,0,8,8,8,0,8,0,8,0,0,0,0,0,0,0,0,0,0,0,0,0,8,0,0,0,0,0,0,0,0,0,0,0,0,0,0,0,0,0,0,0,8,8,8]} 1. Nf3 d5 2. g3 c6 3. c4 Nf6 4. Bg2 Bf5 5. O-O e6 6. Qb3 Qb6 7. d3 {A11: English Opening: 1...c6} Nbd7 8. cxd5 Qxb3 9. axb3 {White has an edge.} exd5 10. Bd2 Bd6 (10... Bg4 11. Bc3 Bxf3 12. Bxf3 Bd6 13. b4 O-O 14. Nd2 a6 {1-0 (122) Grischuk,A (2766)-Aronian,L (2767) Saint Louis 2018}) 11. b4 {[%cal Bb3b4,Bb4b5,Bb5a6][%mdl 32]} O-O 12. Nd4 Bg6 13. b5 c5 14. Nb3 a6 $146 (14... Rfe8 $14) ({Predecessor:} 14... Rfe8) 15. Nc3 $1 $16 d4 16. Bxb7 Ra7 17. bxa6 {Nb5 is the strong threat.} dxc3 18. bxc3 Re8 19. Rfe1 {[%mdl 1024] White has strong compensation.} h6 20. Na5 {Threatens to win with Nc6.} Nb8 21. Nc4 Bc7 22. Be3 (22. Ra4 $16) 22... Nfd7 (22... Nxa6 $1 $14 23. Bf3 Bb8) 23. d4 (23. Ra4 $16) 23... Be4 $11 24. d5 Rxb7 25. d6 {[#]} (25. axb7 $11 Bxd5 {[%mdl 64] Double Attack} 26. Na5) 25... Nxa6 (25... Ba5 $1 $17 {[%cal Ra5c3]} 26. Rxa5 Ra7 27. Bxc5 Rxa6 28. Rxa6 Nxa6) 26. dxc7 Nxc7 27. Nd6 Re6 28. Nxb7 Bxb7 29. Red1 Bc6 30. Ra7 Nb5 31. Rdxd7 Bxd7 32. Rxd7 Nxc3 {[%mdl 4096] Endgame KRB-KRN} 33. Rd2 c4 34. Kg2 Rc6 35. g4 Ne4 36. Rd4 Nc3 37. Kf1 g5 (37... Nb1 $11 {keeps the balance.}) 38. Ke1 Kg7 39. Kd2 Nb5 40. Rd5 c3+ 41. Kc1 Nc7 42. Ra5 Ne6 43. Kc2 Rc4 44. f3 h5 45. h3 Kg6 46. Ra6 Rb4 47. Bc1 Rc4 48. e3 Rc8 49. Rd6 hxg4 50. hxg4 Rh8 51. f4 {Black must now prevent f5+.} gxf4 52. exf4 {And now f5+ would win.} Rh4 53. f5+ {[%mdl 64] Double Attack, Pin} Kf6 54. fxe6 Rxg4 55. exf7+ Kxf7 $14 {KRB-KR. The position is equal.} 56. Be3 Rg6 57. Rd5 Ke6 58. Rc5 Rg3 59. Kd3 Rg4 60. Rxc3 Kd6 61. Ra3 Rh4 62. Ra6+ Kd5 63. Ra5+ Ke6 64. Bd4 Rh1 65. Re5+ Kd6 66. Rg5 Ke6 67. Kc4 Rc1+ 68. Bc3 Rc2 69. Re5+ Kd6 70. Re3 Rc1 71. Rf3 Ke6 72. Rf6+ Ke7 73. Ra6 Kd7 74. Kd4 Rc2 75. Kd3 Rc1 76. Rh6 Rd1+ 77. Ke4 Rd6 78. Rh7+ Kc6 79. Be5 Rd7 80. Rh6+ Kc5 81. Rh1 Kc4 82. Rc1+ Kb5 83. Rc8 Rd1 84. Bd4 Rh1 85. Kd5 Rh5+ 86. Be5 Rg5 87. Rb8+ Ka5 88. Kd4 Ka6 (88... Rh5 {is more complex.} 89. Rf8 Kb5 90. Kd5 Kb4 91. Rf4+ Ka5) 89. Rb1 Rh5 90. Rb2 Rg5 91. Kd5 Ka5 92. Kd6 Ka4 (92... Rh5 {is interesting.} 93. Bc3+ Ka6 94. Kc6 Rh6+ 95. Kd5 Rh5+) 93. Kd5 Ka5 94. Rb8 Rh5 95. Kd4 Ka6 96. Bd6 Rb5 97. Rh8 Kb7 98. Bc5 (98. Kc4 {with more complications.} Ra5 99. Rb8+ Kc6 100. Bb4 Ra1 101. Rh8) 98... Rb1 99. Kd5 {Hoping for Rh7+.} Rd1+ 100. Bd4 Kc7 101. Ke5 Re1+ 102. Kd5 Rd1 103. Rh7+ Kd8 104. Ra7 Rd2 105. Ke4 Kc8 106. Be5 Rd7 107. Rxd7 Kxd7 {Accuracy: White = 56%, Black = 64%.} 1/2-1/2